Regionalitás, radikális konceptualitás, technológiai avantgárd ez a mi térfelünkön készült művészet, még ha radikálisan konceptuális volt is, mindig hihetetlenül a földhöz tapadt ...

Bibliographic Details
Main Authors: Németh, Ádám (Author, Interviewer), Beke, László, 1944- (Author)
Format: Article
Language:Hungarian
PhysicalDescription:Fotogr.
Subjects:

MARC

LEADER 00000nab a2200000 ar4500
001 vtls009003752
003 SK-MaSNL
005 20260319071300.0
008 070418c20070414xo |||||||| 000 b|hun
015 |a SNBRB2007/04  |2 snkbucl 
038 |a SNKBUCL 
040 |a DSZK  |b slo  |c DSZK  |e AACR2 
041 0 |a hun 
044 |a xo  |c SK 
080 |a 7.01  |x (4)  |2 1997 
100 1 |a Németh, Ádám  |4 ivr  |4 aut  |9 1058999 
245 1 0 |a Regionalitás, radikális konceptualitás, technológiai avantgárd  |b ez a mi térfelünkön készült művészet, még ha radikálisan konceptuális volt is, mindig hihetetlenül a földhöz tapadt ...  |c Németh Ádám, Beke László 
300 |b Fotogr. 
650 0 7 |a umenie  |x geopolitické súvislosti  |2 snkbucl  |9 1065869 
655 7 |a rozhovory  |2 snkbucl  |9 31831 
700 1 |a Beke, László,  |d 1944-  |4 ive  |4 aut  |9 605291 
773 0 |t Új szó  |g Évf. 60, sz. 86 (14.4.2007), o. 12-13 
773 0 8 |i Mell.:  |t Szalon  |g Évf. 1, sz. 14 (2007) 
852 |a SNK  |b KIS3GCP 
852 |a DSZK  |b KIS3GCP 
958 |a HU 
958 |a SK 
999 |c 1751847  |d 1753777